Dramas de C.F. Schiller : (Record no. 164908)

MARC details
000 -LEADER
campo de control de longitud fija 01489nam a2200313 i 4500
001 - NÚMERO DE CONTROL
campo de control 164908
003 - IDENTIFICADOR DE NÚMERO DE CONTROL
campo de control ES-MaACL
005 - FECHA Y HORA DE LA ÚLTIMA TRANSACCIÓN
campo de control 20260319131513.0
008 - DATOS DE LONGITUD FIJA--INFORMACIÓN GENERAL
campo de control de longitud fija 940301s1886 sp a 001 d spa d
100 1# - ENTRADA PRINCIPAL--NOMBRE DE PERSONA
Nombre de persona Schiller, Friedrich,
Fechas asociadas al nombre 1759-1805
9 (RLIN) 104361
245 10 - MENCIÓN DEL TÍTULO
Título Dramas de C.F. Schiller :
Resto del título La novia de Mesina ; Wallenstein /
Mención de responsabilidad, etc. traducción de José Yxart ; ilustración de Alejandro Lick y Valdemaro Friedrik.
246 3# - FORMA VARIANTE DEL TITULO
Título propio/Titulo breve Wallenstein: trilogía
260 ## - PUBLICACIÓN, DISTRIBUCIÓN, ETC.
Lugar de publicación, distribución, etc. Barcelona :
Nombre del editor, distribuidor, etc. Daniel Cortezo y Cª,
Fecha de publicación, distribución, etc. 1886.
300 ## - DESCRIPCIÓN FÍSICA
Extensión 405 p. :
Otras características físicas il. ;
Dimensiones 21 cm.
490 1# - MENCIÓN DE SERIE
Mención de serie Biblioteca "Arte y letras"
505 8# - NOTA DE CONTENIDO CON FORMATO
Nota de contenido con formato Contiene: Del uso del coro en la tragedia: prefacio del autor
530 ## - NOTA DISPONIBLE DE FORMULARIO FÍSICO ADICIONAL
Nota de formato físico adicional disponible Disponible en formato digital.
597 ## - NOTA DE DESCRIPCIÓN FÍSICA
NOTA DE DESCRIPCIÓN FÍSICA Port. a dos tintas.
599 ## - NOTA A LAS ILUSTRACIONES
NOTA A LAS ILUSTRACIONES Ilustraciones: grab. calc.
700 1# - ENTRADA AGREGADA--NOMBRE PERSONAL
Nombre de persona Yxart, Josep,
Fechas asociadas al nombre 1852-1895
9 (RLIN) 139230
740 02 - ENTRADA AGREGADA--TÍTULO RELACIONADO/ANALÍTICO NO CONTROLADO
Título relacionado o analítico no controlado Del uso del coro en la tragedia.
740 32 - ENTRADA AGREGADA--TÍTULO RELACIONADO/ANALÍTICO NO CONTROLADO
Título relacionado o analítico no controlado La novia de Mesina: tragedia en 4 actos.
830 10 - PUNTO DE ACCESO ADICIONAL DE SERIE-TÍTULO UNIFORME
Título uniforme Biblioteca "Arte y letras"
9 (RLIN) 180874
852 4# - LOCALIZACIÓN
Ubicación ES-MaACL
Número de control de estantería B-731
Encuadernación Encuadernación editorial en tela roja con planchas en negro y hierros dorados, medallón con retrato de Schiller
itemnumber 171201
Ubicación en estantería Sala Pardo Bazán
852 4# - LOCALIZACIÓN
Ubicación ES-MaACL
Número de control de estantería G-16049
itemnumber 204747
Ubicación en estantería Depósito 2
Encuadernación Encuadernación editorial en tela roja con planchas en negro y hierros dorados, medallón con retrato de Schiller
856 4# - LOCALIZACIÓN Y ACCESO ELECTRÓNICOS
Identificador Uniforme de Recursos <a href="http://hdl.handle.net/10662/4651 ">http://hdl.handle.net/10662/4651 </a>
Texto de enlace Repositorio Institucional de la Universidad de Extremadura
942 ## - ELEMENTOS DE ENTRADA SECUNDARIOS (KOHA)
Fuente del sistema de clasificación o colocación Clasificación decimal universal
Holdings
Estatus retirado Estado de pérdida Fuente del sistema de clasificación o colocación Estado de daño No para préstamo Biblioteca de origen Biblioteca actual Ubicación en estantería Fecha de adquisición Total de préstamos Signatura topográfica completa Código de barras Visto por última vez Precio de reemplazo Tipo de ítem Koha Fuente de adquisición
    Clasificación decimal universal     Biblioteca del Ateneo de Madrid Biblioteca del Ateneo de Madrid Sala Pardo Bazán 17/01/2008   B-731-32 1172873 23/02/2023 23/02/2023 Libro impreso antiguo  
    Clasificación decimal universal     Biblioteca del Ateneo de Madrid Biblioteca del Ateneo de Madrid Depósito 2 11/03/2025   G-16049 101229593 11/03/2025 11/03/2025 Libro impreso Donación